Top 3 NBA 2K21 Current Players by College: Big 12 - Statistics

General Stats
  • This quiz has been taken 23 times
  • The average score is 9 of 24
Answer Stats
College Player Rating % Correct
Texas Kevin Durant 96
100%
Kansas Joel Embiid 95
80%
Oklahoma Blake Griffin 78
75%
Kansas Andrew Wiggins 79
70%
Oklahoma Trae Young 87
70%
Oklahoma State Marcus Smart 80
60%
Texas Tech Jarrett Culver 73
55%
Texas LaMarcus Aldridge 81
55%
TCU Kenrich Williams 76
40%
Baylor Taurean Prince 73
40%
Iowa State Tyrese Haliburton 83
40%
West Virginia Jevon Carter 72
35%
Oklahoma Buddy Hield 77
30%
Iowa State Monte Morris 79
30%
Kansas State Wesley Iwundu 72
30%
TCU Desmond Bane 76
20%
Texas Tech Jahmi'us Ramsey 69
20%
Texas Jarrett Allen 84
20%
Kansas State Dean Wade 70
15%
Texas Myles Turner 81
15%
Kansas Kelly Oubre Jr. 79
10%
Kansas State Rodney McGruder 71
10%
Baylor Royce O'Neale 76
10%
Iowa State Talen Horton-Tucker 75
10%
No matching quizzes found
Score Distribution
Percent of People with Each Score
Percentile by Number Answered
Your Score History
You have not taken this quiz